000
00266nam a22001217a 4500
020
_a
NA
082
_2
22
_a
338.5
100
_a
Prager janas.
245
_a
Applied microeconomics /
260
_a
IRWIN,
_b
IRWIN,
_c
c1993
300
_a
744 p,;
_b
NA
_c
24cm
942
_2
ddc
_c
GEN
999
_c
2116
_d
2116